000 00447nmm a2200157Ia 4500
008 251105s9999||||xx |||||||||||||||||und||
020 _a9789560102454
041 _aspa
100 _aReyes, Bernardo
245 0 _aEl diario de Cristina
264 _a[Santiago de Chile, Chile] :
_bRil editores,
_c2015
300 _a136 páginas
650 _aLatin American narrative
856 _uhttps://public.digitaliapublishing.com/a/42580
942 _cCF
999 _c93734
_d93734